| 000 | 00903cam a2200289 a 4500 | ||
|---|---|---|---|
| 001 | 000003414 | ||
| 003 | DO-SdBNP | ||
| 005 | 20220808134113.0 | ||
| 007 | ta | ||
| 008 | 810309s1984 ilu b s001 p eng | ||
| 010 | _a81005082 | ||
| 020 | _z950050368 | ||
| 040 |
_aDO-SdBNP _bspa _cBNPHU |
||
| 082 | 4 |
_a810.4 _bN424p _222 |
|
| 100 | 1 |
_aNelson, Cary, _d1946- _910641 |
|
| 245 | 1 | 0 |
_aPoetas norteamericanos de hoy / _cCary Nelson. |
| 260 |
_aBuenos Aires : _bCorregidor, _c1984. |
||
| 300 |
_a199 p. ; _c24 cm. |
||
| 500 | _aIncluye referencias bibliográficas e índices | ||
| 590 | _aInventariado, 2022 / DG | ||
| 650 | 4 |
_aAutores estadounidenses _xCrítica e interpretación _910642 |
|
| 650 | 4 |
_aPoesía norteamericana _ySiglo XX _xHistoria y crítica _910643 |
|
| 650 | 4 |
_aVersos libres _910644 |
|
| 650 | 4 |
_aPolítica y literatura _zEstados Unidos _910645 |
|
| 910 | _aDG | ||
| 942 |
_2ddc _cLBS1 |
||
| 999 |
_c3244 _d3244 |
||